Statistiques concernant Box office 2012 par images restreintes

Cliquez ici pour prendre le quiz!

Statistiques générales

  • Ce quiz a été pris 253 fois
  • Le résultat moyen est 10 sur 12

Statistiques - réponses

Réponse% Correct
L'Âge de glace 4 : La Dérive des continents
100%
Astérix et Obélix : Au service de Sa Majesté
98%
Avengers
97%
Sur la piste du Marsupilami
97%
Madagascar 3 : Bons baisers d'Europe
96%
Rebelle
95%
Skyfall
94%
Le Hobbit : Un voyage inattendu
90%
Twilight : Révélation - 2e partie
79%
Le Prénom
56%
The Dark Knight Rises
47%
La Vérité si je mens ! 3
34%

Distribution des résultats

Percentile par nombre de réponses

% des personnes avec chaque résultat

Votre développement - résultats

Vous n’avez pas pris ce quiz